000
00335nam a22001577a 4500
003
SGT
020
_a
978-93-5129-595-2
082
_a
611
_b
B17C
100
_a
CHUNG, KYUNG W.
245
_a
BRS GROSS ANATOMY
250
_a
8TH
260
_a
INDIA
_b
WOLTERS KLUWER
_c
2017
300
_a
527
650
_a
ANATOMY
942
_2
ddc
_c
BK
999
_c
15636
_d
15636